Nomi dei calciatori - Quiz n°43 - Statistics

Statistiche generali
  • Questo quiz è stato fatto 45 volte
  • Il punteggio medio è 9 su 10
Statistiche sulle risposte
Hint Risposta % Corretto
Quagliarella Fabio
100%
Pavard Benjamin
95%
Olmo Dani
95%
Walker Kyle
95%
Biraghi Cristiano
93%
Bounou Yassine
88%
Valverde Federico
83%
Balzaretti Federico
80%
Brandt Julian
78%
Welbeck Danny
63%
Nessun quiz corrispondente trovato
Distribuzione punteggi
Percentuale di utenti per punteggio
Percentile per numero di risposta
I tuoi punteggi nel tempo
Non hai fatto questo quiz